Automated malware analysis to identify data espionage and backdoor creation (Record no. 216246)
[ view plain ]
| 000 -LEADER | |
|---|---|
| fixed length control field | 00634 a2200181 4500 |
| 003 - CONTROL NUMBER IDENTIFIER | |
| control field | Nust |
| 005 - DATE AND TIME OF LATEST TRANSACTION | |
| control field | 20170207171113.0 |
| 040 ## - CATALOGING SOURCE | |
| Transcribing agency | Nust |
| 082 ## - DEWEY DECIMAL CLASSIFICATION NUMBER | |
| Classification number | 005.8 |
| 100 ## - MAIN ENTRY--PERSONAL NAME | |
| Personal name | Javed, Azhar (MSIS-11) |
| 245 ## - TITLE STATEMENT | |
| Title | Automated malware analysis to identify data espionage and backdoor creation |
| Statement of responsibility, etc. | Azhar Javed |
| 260 ## - PUBLICATION, DISTRIBUTION, ETC. | |
| Place of publication, distribution, etc. | Rwp |
| Name of publisher, distributor, etc. | MCS |
| Date of publication, distribution, etc. | 2014 |
| 300 ## - PHYSICAL DESCRIPTION | |
| Extent | xi, 73 p. |
| 505 ## - FORMATTED CONTENTS NOTE | |
| Formatted contents note | Introduction (page-1), Literature (page-12), Datasets (page-17), Proposed methodology (page-22), Evaluation of proposed methodology (page-35), Conclusion and future directions (page-42). |
| 538 ## - SYSTEM DETAILS NOTE | |
| System details note | Almirah No. 70 Shelf No. 4 |
| 650 ## - SUBJECT ADDED ENTRY--TOPICAL TERM | |
| Topical term or geographic name entry element | MS Thesis |
| 651 ## - SUBJECT ADDED ENTRY--GEOGRAPHIC NAME | |
| Geographic name | MSIS-11 |
| 942 ## - ADDED ENTRY ELEMENTS (KOHA) | |
| Koha item type | |
| Withdrawn status | Lost status | Source of classification or shelving scheme | Damaged status | Not for loan | Collection code | Permanent Location | Current Location | Date acquired | Total Checkouts | Full call number | Barcode | Date last seen | Price effective from | Koha item type | Shelving location |
|---|---|---|---|---|---|---|---|---|---|---|---|---|---|---|---|
| Central Library (CL) | Central Library (CL) | 11/11/2020 | 004 | CL-T-1115 | 11/11/2020 | 11/11/2020 | |||||||||
| Central Library (CL) | Central Library (CL) | 11/18/2020 | 004 | CL-T-1364 | 11/18/2020 | 11/18/2020 | Thesis | ||||||||
| Military College of Signals (MCS) | Military College of Signals (MCS) | 12/12/2016 | 005.8 JAV | MCSTIS-188 | 12/08/2016 | 12/12/2016 | Book |
